Guerra mundial 1914 : (Registro nro. 17291)
[ vista simple ]
| 000 -LEADER | |
|---|---|
| campo de control de longitud fija | 00756nam a2200229Ia 4500 |
| 001 - NÚMERO DE CONTROL | |
| campo de control | 17291 |
| 003 - IDENTIFICADOR DE NÚMERO DE CONTROL | |
| campo de control | AR-BaAGN |
| 005 - FECHA Y HORA DE LA ÚLTIMA TRANSACCIÓN | |
| campo de control | 20231118062532.0 |
| 007 - CAMPO FIJO DE DESCRIPCIÓN FÍSICA--INFORMACIÓN GENERAL | |
| campo de control de longitud fija | ta |
| 008 - DATOS DE LONGITUD FIJA--INFORMACIÓN GENERAL | |
| campo de control de longitud fija | 211213s1931 ag |||||||||||||| ||spa d |
| 040 ## - FUENTE DE CATALOGACIÓN | |
| Centro/agencia modificador | AR-BaAGN |
| Centro catalogador/agencia de origen | AR-BaAGN |
| Lengua de catalogación | español |
| Normas de descripción | aacr |
| 942 ## - ELEMENTOS DE ENTRADA SECUNDARIOS (KOHA) | |
| Tipo de ítem Koha | Libro |
| 100 1# - ENTRADA PRINCIPAL--NOMBRE DE PERSONA | |
| Nombre de persona | Perón, Juan Domingo, |
| Fechas asociadas al nombre | 1895-1974 |
| ID autoridades | 4501 |
| 245 10 - MENCIÓN DEL TÍTULO | |
| Título | Guerra mundial 1914 : |
| Resto del título | operaciones en la Prusia oriental y la Galitzia, Tannenberg, Lagos Masurianos, Lemberg. Estudios estratégicos |
| 260 ## - PUBLICACIÓN, DISTRIBUCIÓN, ETC. | |
| Lugar de publicación, distribución, etc. | Buenos Aires : |
| Nombre del editor, distribuidor, etc. | Círculo Militar, |
| Fecha de publicación, distribución, etc. | 1931. |
| 300 ## - DESCRIPCIÓN FÍSICA | |
| Extensión | 2 volúmenes : |
| Otras características físicas | mapas |
| 336 ## - TIPO DE CONTENIDO | |
| Fuente | rdacontent |
| Código de tipo de contenido | texto |
| 337 ## - TIPO DE MEDIO | |
| Fuente | rdamedia |
| Código del tipo de medio | no mediado |
| 338 ## - TIPO DE SOPORTE | |
| Fuente | rdacarrier |
| Código del tipo de soporte | volumen |
| 500 ## - NOTA GENERAL | |
| Nota general | Título de la tapa: El frente oriental de la guerra mundial 1914 |
| Estado de retiro | Estado de pérdida | Estado de conservación | Biblioteca actual | Ubicación en estantería | Signatura topográfica completa | Código de barras | Tipo de ítem Koha |
|---|---|---|---|---|---|---|---|
| Biblioteca del Archivo General de la Nación | Juan Domingo Perón - Biblioteca | JDP 3006 | JDP-3006 | Libro |
